| 000 | 00468nam a2200169Ia 4500 | ||
|---|---|---|---|
| 005 | 20250423100834.0 | ||
| 008 | 250422s9999 xx 000 0 und d | ||
| 020 | _a0-440-21555-2 | ||
| 050 | _aPE 1591 .K54/ | ||
| 245 | 0 | _aRoget’s 21st century thesaurus in dictionary form : the essential reference for home, school, or office | |
| 260 | _aNew York | ||
| 260 | _bPhilip Lief Group | ||
| 260 | _c1993 | ||
| 300 | _a859 p | ||
| 650 | _aLiterature | ||
| 942 | _cBK | ||
| 999 |
_c34492 _d34492 |
||